000 00710nas a2200265 4500
001 BR8903707
003 BR-BrBNA
005 20231205091633.0
007 ta
008 230509b bl.|||p| |||| 00| 00por d
040 _aBR-BrBNA
_bpor
_cBiblioteca Nacional de Agricultura
041 _a(Pt)
072 _aM12; N10
100 1 _aAnon.
245 1 _aAnfigranja, um novo sistema para criar ras
650 _aRANICULTURA
650 _aGRANJA
650 _aRA
650 _aNUTRICAO ANIMAL
650 _aDIETA
650 _aRANARIO
773 0 _tManchete Rural (Brazil)
_xISSN 0102-8901
_g(Jul 1989), v. 3 (28) p. 12-14
_wBR8903707
909 _a202311
_bLúcia
_c55
_dLúcia Elande
942 _2AGRIS
_n0
_cANA
999 _c126350
_d126350